Music Quiz

Random Music or Artist Quiz
Score 0/21 Timer 05:00
0 Plays Today
Track Title Artist % Correct
Come On EileenDexy's Midnight Runners
93.8%
Do You Really Want To Hurt Me?Culture Club
91.4%
House Of FunMadness
87.5%
A Town Called MaliceJam
85.9%
Eye Of The TigerSurvivor
85.9%
Goody Two ShoesAdam Ant
83.6%
Pass The DutchieMusical Youth
77.3%
FameIrene Cara
75.8%
Land Of Make BelieveBucks Fizz
70.3%
Ebony And IvoryPaul McCartney and Stevie Wonder
68%
Beat SurrenderJam
65.6%
Track Title Artist % Correct
The ModelKraftwerk
64.8%
The Lion Sleeps TonightTight Fit
59.4%
Happy TalkCaptain Sensible
57.8%
Oh JulieShakin' Stevens
53.9%
I Don't Wanna DanceEddy Grant
53.1%
My Camera Never LiesBucks Fizz
51.6%
Seven TearsGoombay Dance Band
39.1%
Never Been To MeCharlene
36.7%
Save Your LoveRenee and Renato
36.7%
A Little PeaceNicole
33.6%
Remove Ads.
Support Sporcle.
Get the best of Sporcle when you Go Orange. This ad-free experience offers more features, more stats, and more fun while also helping to support Sporcle. Thank you for becoming a member.

You're not logged in!

Compare scores with friends on all Sporcle quizzes.
OR
Log In

Show Comments

Extras

Top Quizzes Today


Score Distribution

Your Account Isn't Verified!

In order to create a playlist on Sporcle, you need to verify the email address you used during registration. Go to your Sporcle Settings to finish the process.

Report this User

Report this user for behavior that violates our Community Guidelines.

Details: